| 000 | 00569cam a2200205ua 4500 | ||
|---|---|---|---|
| 001 | 11285 | ||
| 005 | 20260515114731.0 | ||
| 008 | 190906n ii |||gr||||Z||||||asm | ||
| 020 | _a9788193073810 | ||
| 040 | _cMAIN | ||
| 082 | _a891.451 | ||
| 100 |
_aDhiraj Patar, _eEditor., |
||
| 245 |
_aAsomiya sahityar bichar aru bisleshan _cEdited by Dhiraj patar |
||
| 250 | _a1st ed. | ||
| 260 |
_aGuwahati: _bSampriti Publication, _c2015. |
||
| 300 | _a371p. | ||
| 653 | _aEast Indo-European & Celtic literatures | ||
| 653 | _aEssays of Assamese Literature | ||
| 942 | _cBK | ||
| 999 |
_c10129 _d10129 |
||